Fortschrittliche Betriebsführung und Industrial Engineering

Na minha lista:
Detalhes bibliográficos
Formato: Periódico
Idioma:alemão
Publicado em: Darmstadt REFA 1990
Assuntos:
Tags: Adicionar Tag
Sem tags, seja o primeiro a adicionar uma tag!

MARC

LEADER 00000nas2a2200000 4500
001 s006489
005 20250729082042.3
022 |a 03040-8302 
041 0 |a ger 
044 |a DE 
245 1 0 |a Fortschrittliche Betriebsführung und Industrial Engineering 
264 1 |a Darmstadt  |b REFA  |c 1990 
300 |a 1 zv. 
773 0 |w eu_un_cat*s120709 
610 2 0 |a riadenie podnikové 
610 2 0 |a vedenie 
610 2 0 |a inžinierstvo priemyselné